000 00358nam a2200121Ia 4500
005 20251222144741.0
008 251222s9999||||xx |||||||||||||| ||spa||
020 _a84-369-0873-2
082 _a344.071.46/M61
245 0 _aNueva Ordenación de la Educación Básica
264 _bServicio de publicaciones del Ministerio de Educación y Ciencia
942 _cLIB
999 _c18977
_d18977